| 000 | 00960cam a22002895a 4500 | ||
|---|---|---|---|
| 001 | 2173864 | ||
| 005 | 20171221132150.0 | ||
| 008 | 680301s1971 enka frb 000 0 eng d | ||
| 020 | _a0582481422 | ||
| 040 |
_aDLC _cDLC _dDLC _dEG-ScBUE _beng |
||
| 041 | 1 |
_aeng _hund |
|
| 082 | 0 | 4 |
_a301.36 _222 _bBEA |
| 100 | 2 | _aBeaujeu-Garnier, Jacqueline. | |
| 240 | 1 | 0 |
_aTraite de geographie urbaine. _lEnglish |
| 245 | 1 | 0 |
_aUrban geography / _cJ. Beaujeu-Garnier and G. Chabot. Translated by G. M. Yglesias and S. H. Beaver. |
| 260 |
_aLondon : _bLongman, _c1971. |
||
| 300 |
_axvi, 470 p. : _bill. ; _c23 cm. |
||
| 490 | 0 | _aGeographies for advanced study | |
| 504 | _aIncludes bibliographical references and indexes. | ||
| 546 | _aText in English. | ||
| 650 | 7 |
_aUrban geography. _2BUEsh |
|
| 653 |
_bGGEN _cDecember2017 |
||
| 700 | 1 |
_aChabot, Georges, _d1890- |
|
| 700 | 1 |
_aYglesias, G. M., _etranslator. |
|
| 700 | 1 |
_aBeaver, S. H., _etranslator. |
|
| 942 | _2ddc | ||
| 999 |
_c25764 _d25736 |
||